Physical chemistry of metals, (Record no. 183446)

000 -LEADER
fixed length control field 01060 a2200181 4500
003 - CONTROL NUMBER IDENTIFIER
control field Nust
005 - DATE AND TIME OF LATEST TRANSACTION
control field 20221011171715.0
010 ## - LIBRARY OF CONGRESS CONTROL NUMBER
LC control number 528315
040 ## - CATALOGING SOURCE
Transcribing agency Nust
082 ## - DEWEY DECIMAL CLASSIFICATION NUMBER
Classification number 541.3,DAR
100 ## - MAIN ENTRY--PERSONAL NAME
Personal name Darken Lawrence
9 (RLIN) 99957
245 ## - TITLE STATEMENT
Title Physical chemistry of metals,
Statement of responsibility, etc. Lawrence S Darken
260 ## - PUBLICATION, DISTRIBUTION, ETC.
Place of publication, distribution, etc. N Y
Name of publisher, distributor, etc. Mc Graw Hill
Date of publication, distribution, etc. 1953
300 ## - PHYSICAL DESCRIPTION
Extent 535:p
505 ## - FORMATTED CONTENTS NOTE
Formatted contents note Introduction (Page-1), Gases (Page-5), Solids (Page-25), Solid Solutions and Inter metallic Compounds (Page-74), Liquids (Page-110), The First Law of Thermodynamics (Page-137), The Second Law of Thermodynamics (Page-166), The Third Law of Thermodynamics (Page-191), Fugacity, Activity and the Equilibrium Constant (Page-206), Solutions (Page-235), Phase Relation (Page-283), Heterogenic Equilibria (Page-295), Free Energy Composition Diagrams (Page-326), Nitrogen in Iron and Steel (Page-372), The Iron Carbon Systems (Page-396), Formal Basis Diffusion Theory (Page-437), Kinetics of Metallurgical Processes (Page-465).
650 ## - SUBJECT ADDED ENTRY--TOPICAL TERM
Topical term or geographic name entry element Physical chemistry of metals,
9 (RLIN) 99958
942 ## - ADDED ENTRY ELEMENTS (KOHA)
Source of classification or shelving scheme
Koha item type Book
Holdings
Withdrawn status Lost status Source of classification or shelving scheme Damaged status Not for loan Permanent Location Current Location Shelving location Date acquired Full call number Barcode Date last seen Price effective from Koha item type Public note
          Military College of Signals (MCS) Military College of Signals (MCS) General Stacks 12/12/2016 541.3,DAR MCS6488 12/08/2016 12/12/2016 Book Almirah No.25, Shelf No.3
© 2023 Central Library, National University of Sciences and Technology. All Rights Reserved.